000 00423nam a2200145Ia 4500
008 100122s9999 xx 000 0 und d
082 _b57926
_a737
100 _aवाघे सुरेश
245 _aनाणेपुराण
260 _bग्रंथाली प्रकाशन
_c2000
300 _a70
630 _aनाणेपुराण
730 _aनाणेपुराण
942 _cBOOK
999 _c434053
_d434050